000 00723cam a22001811 4500
082 _a625.14
_bANT
100 1 _aAntia, Khurshed Faramroz.
_943484
245 0 0 _aRailway track, design, construction, maintenance, and renewal of permanent way,
_bwith notes on signalling and bridge maintenance,
_cby K.F. Antia ...
260 _aBombay,
_bNew Book Company,
_c1945.
300 _a2 p. l., 2, [2], 380 p.
_bfront., illus., plates, diagrs. (1 fold.)
_c22 cm.
500 _a"First published July 1945."
526 _a0
_b0
_c0
_d625_140000000000000_ANT
526 _a0
_b0
_c0
_d625_140000000000000_ANT
650 0 _aMCE
_9379
650 0 _aRailroad tracks.
650 0 _aRailroads
_xMaintenance and repair.
_943485
942 _2ddc
_cBK
999 _c547279
_d547279